LEADER 00906nam a2200205 i 4500 001 000000051189 003 CaOOAMICUS 005 20130221000000.0 008 130221s1853 xx u000 u lat u 013 $a22361 040 $aSeMil$bita 100 1 $aPacifico : da Regineto.$0(OLS)http://semarc/name/25329 245 10$aSacrae poenitentiariae reservatorum casuum clara expositio /$celucubtata a p. Pacifico a Regineto. 260 $aMaceratae :$bTypis Josephi Cortesii,$c1853. 300 $a176 p. ;$c19 cm. 650 4$aPenitenza - Diritto canonico - Casi riservati.$0(OLS)http://semarc/subject/4513 850 $aSeMil 852 $aSeMil$W1$xVenegono$y1$m2F III 12 FA$j17344$B17344$CSeMilBibl$Z2$F17345 $8I 996 $6245$aSacrae poenitentiariae reservatorum casuum clara expositio$9(OLS)http://semarc/title/78335 996 $6260$aMaceratae :$bTypis Josephi Cortesii$9(OLS)http://semarc/publisher/41331 LEADER 01031nam a2200253 i 4500 001 000000086998 003 CaOOAMICUS 005 20181030152743.0 008 131210s1833 it u000 u ita u 013 $a59238 040 $aSeMil$bita 100 1 $aAporti, Ferrante,$d<1791-1858>.$0(OLS)http://semarc/name/39885 245 10$aManuale di educazione ed ammaestramento per le scuole infantili /$c[Ferrante Aporti]. 260 $aCremona :$bFratelli Manini,$c1833. 300 $a146 p. ;$c22 cm. 500 $aNome dell'autore dalla dedica. 650 4$aScuola primaria - Insegnamento - Sec. 19. - Italia.$0(OLS)http://semarc/subject/16338 850 $aSeMil 852 $aSeMil$W1$xVenegono$y1$m2R IV 21 FA$j50599$B50599$CSeMilBibl$Z2$F54597 $8I 941 1 $a10 961 $aRecupero: Mantegazza 996 $6245$aManuale di educazione ed ammaestramento per le scuole infantili$9(OLS)http://semarc/title/133167 996 $6260$aCremona :$bFratelli Manini$9(OLS)http://semarc/publisher/43490